000 00453cam a2200181ua 4500
020 _c1.50
041 _aeng
_h
082 _a823.308
_bSTE/TR
100 _aStevenson, Robet Louis.
245 _aTreasure island /
_cRobert Louis Stevenson.
_hTextual Documents
250 _a3 /
_b.
260 _aLondon :
_bOxford University Press ,
_c1929.
300 _a139 ;
_eAtlas.
365 _a1.50
504 _a
942 _cBK
999 _c5292
_d5292